| 000 | 00915nam a2200229 a 4500 | ||
|---|---|---|---|
| 001 | BRCA_7513 | ||
| 005 | 20190320205852.0 | ||
| 008 | 090513m19311949sp-a###f##---#001-0#spa-# | ||
| 041 | _aspa | ||
| 044 | _asp | ||
| 050 | 4 |
_aN7101 _b.C66 1931 |
|
| 100 | 1 |
_aContreras y López de Ayala, Juan de _cMarqués de Lozoya _d1893-1978 _918530 |
|
| 245 | 1 | 0 |
_aHistoria del Arte Hispánico _cpor el Marqués de Lozoya. |
| 260 |
_aBarcelona _bSalvat _c1931-1949 |
||
| 300 |
_a4 v. _bil. (algunas a color), 179 láminas _c26 cm. |
||
| 500 | _aCuatro ejemplares diferentes inventariados por el Banco de México como un solo libro | ||
| 500 | _aR55 | ||
| 505 | 0 | _av.1 El arte Cuaternario en la Península (1931).-- v.3 La arquitectura religiosa en el Renacimiento Hispánico (1940).-- v.4 Teoría del Barroco (1945).-- v.5 Goya y su tiempo (1949) | |
| 650 | 1 | 4 |
_aArte _xHistoria _zEspaña _918416 |
| 902 | _aGFM | ||
| 942 |
_2lcc _cB |
||
| 999 |
_c7187 _d7187 |
||